Romantický klavír Jiřího Maláska klavírní album /

Hlavní autor: Malásek, Jiří, 1927-1983
Další autoři: Popelka, Vladimír, 1932-, Malásek, Petr, 1964-
Jazyk: Nelze použít, není lingvistický obsah
Vydáno: Praha : Panton, 1982
Vydání: 1. vyd.
Fyzický popis: 21 s.
Hudebniny Hudebniny
Uloženo v:
LEADER 00908ncm a22002412a 4500
001 000257239
003 CZ BrMZK
005 20120223134328.0
007 qu
008 960101s1982 xr f zxx d
040 |a BOA001  |b cze 
072 7 |a 786  |x Hudba pro klávesové nástroje  |2 Konspekt  |9 9 
100 1 |a Malásek, Jiří,  |d 1927-1983  |7 jk01073189  |4 cmp  |4 arr 
245 1 0 |a Romantický klavír Jiřího Maláska  |h [hudebnina] :  |b klavírní album /  |c klavírní transkripce podle úprav Vladimíra Popelky a Jiřího Maláska provedl Petr Malásek 
250 |a 1. vyd. 
260 |a Praha :  |b Panton,  |c 1982 
300 |a 21 s. 
700 1 |a Popelka, Vladimír,  |d 1932-  |7 xx0000095  |4 arr 
700 1 |a Malásek, Petr,  |d 1964-  |7 jn20000620212  |4 adp 
910 |a BOA001  |b Mus4-0855.920 
990 |a MU 
991 |b 201202 
996 6 |b 2619883024  |c Mus4-0855.920  |l MZK  |r Sklad / do 1 hodiny  |n 9  |w 000257239  |u 000010  |a 1  |e BOA001  |j MZK50  |s P